000 01224njm a22002897a 4500
005 20100901115333.0
006 a|||||r|||||00| 0
007 sd ammalaaahaa
008 100901t xxu||||| |||| 00| 0 eng d
028 _a45-AE,1530
_bAngel Records
035 _aGR-01998
040 _aSED
_cSED
100 _aBhosle, Asha
_917891
245 _aMera Naam Joker /
_cby Asha Bhosle ; music by Shankar Jaikishan ; lyrices by Shailendra
_h[Sound recording]
246 _aमेरा नाम जोकर / आशा भोसले
260 _aDUM DUM, India
_bAngel Records
_c1970
300 _a1 Sound disc [Gramophone Recording] :
_banalog, 33 1/3 rpm
_c7 in. (SP)
_fGramophone Record
500 _aBrief record
500 _aRecord Labels : Angel Records, Bruan
505 _aSide-1 अंग लग जा बालमा (Ang lag jaa baalma) (Asha Bhosle)--Side-2 दाग़ न लग जाए (Daagh Na lag jaye) (Asha Bhosle & Mukesh)
600 _2Bhosle, Asha
650 _aClassical music
_xExcerpts
_zIndia
_917892
700 _919683
_aJaikishan, Shankar
700 _aShailendra
_919708
942 _2ddc
_cGR
999 _c45387
_d45387